Medieval technology and social change / (Record no. 33337)
[ view plain ]
| 000 -LEADER | |
|---|---|
| fixed length control field | 00912nam a2200277 4500 |
| 001 - CONTROL NUMBER | |
| control field | 33337 |
| 003 - CONTROL NUMBER IDENTIFIER | |
| rucl marc code | BD-RjUL |
| 005 - DATE AND TIME OF LATEST TRANSACTION | |
| control field | 20211209052005.0 |
| 008 - FIXED-LENGTH DATA ELEMENTS--GENERAL INFORMATION | |
| fixed length control field | 161127s1962 enkfa b 001 0 eng d |
| 035 ## - SYSTEM CONTROL NUMBER | |
| System control number | (BD-RjUL)33428 |
| 040 ## - CATALOGING SOURCE | |
| Original cataloging agency | PAU |
| Transcribing agency | PAU |
| Modifying agency | GAT |
| -- | OCL |
| -- | EQO |
| -- | BD-RjUL |
| Language of cataloging | eng |
| 041 ## - LANGUAGE CODE | |
| Language code of text/sound track or separate title | eng |
| 082 ## - DEWEY DECIMAL CLASSIFICATION NUMBER | |
| Classification number | 901.92 |
| Author mark and year | WHM 1962 |
| 090 ## - LOCALLY ASSIGNED LC-TYPE CALL NUMBER (OCLC); LOCAL CALL NUMBER (OCLC) | |
| Classification number (OCLC) (R) ; Classification number, CALL (RLIN) (NR) | CB353 |
| Local cutter number (OCLC) ; Book number/undivided call number, CALL (RLIN) | .W5 1964 |
| 100 1# - MAIN ENTRY--PERSONAL NAME | |
| Personal name | White, Lynn Townsend, |
| Dates associated with a name | 1907-1987 |
| 9 (RLIN) | 101195 |
| 245 10 - TITLE STATEMENT | |
| Title | Medieval technology and social change / |
| Statement of responsibility, etc. | Lynn White, Jr. |
| 260 ## - PUBLICATION, DISTRIBUTION, ETC. (IMPRINT) | |
| Place of publication, distribution, etc. | Oxford : |
| Name of publisher, distributor, etc. | Oxford University Press, |
| Date of publication, distribution, etc. | c1962. |
| 300 ## - PHYSICAL DESCRIPTION | |
| Pagination | vii,194 p. [20] of leaves of plates : |
| Illustrations | ill. ; |
| Size | 21 cm. |
| 490 1# - SERIES STATEMENT | |
| Series statement | Oxford paperbacks ; |
| Volume/sequential designation | no. 79 |
| 504 ## - BIBLIOGRAPHY, ETC. NOTE | |
| Bibliography, etc | Includes bibliographical references and index. |
| 650 #0 - SUBJECT ADDED ENTRY--TOPICAL TERM | |
| Topical term or geographic name as entry element | Civilization, Medieval. |
| 9 (RLIN) | 101196 |
| Topical term or geographic name as entry element | Technology and civilization. |
| 9 (RLIN) | 101197 |
| 830 #0 - SERIES ADDED ENTRY--UNIFORM TITLE | |
| Volume number/sequential designation | no. 79 |
| Uniform title | Oxford paperbacks ; |
| 942 ## - ADDED ENTRY ELEMENTS (KOHA) | |
| Source of classification or shelving scheme | Dewey Decimal Classification |
| Koha item type | Books |
| Lost status | Source of classification or shelving scheme | Damaged status | Not for loan | Collection code | Permanent Location | Current Location | Shelving location | Date acquired | Source of acquisition | Cost, normal purchase price | Total Checkouts | Full call number | Date last seen | Copy number | Koha item type |
|---|---|---|---|---|---|---|---|---|---|---|---|---|---|---|---|
| Dewey Decimal Classification | Not For Loan | Non-fiction | Central Library, University of Rajshahi | Central Library, University of Rajshahi | Reading Room | 27/11/1968 | Zitlinger | 8.60 | 901.92 WHM 1962 | 07/05/2014 | C-1 | Books |